000
00289nam a2200121Ia 4500
005
20251222143201.0
008
251222s9999||||xx |||||||||||||| ||spa||
082
_a
658.404/A59G
100
_a
AndÃa Valencia, Walter
245
0
_a
Gerencia de Proyectos:
264
_b
Lucero
942
_c
LIB
999
_c
13064
_d
13064